Văn kiện Đảng toàn tập T.15

Gồm các báo cáo, nghị quyết, chỉ thị, điện mật của Ban Chấp hành Trung ương Đảng, Bộ chính trị và Ban Bí thư; báo cáo quan trọng của Chủ tịch Hồ Chí Minh ở Hội nghị Trung ương lần VI mở rộng và nghị quyết của Bộ chính trị về tình hình mo...

Täydet tiedot

Tallennettuna:
Bibliografiset tiedot
Päätekijä: Đảng Cộng sản Việt Nam
Aineistotyyppi: Kirja
Kieli:Undetermined
Julkaistu: H. Chính trị Quốc gia 2001
Aiheet:
Linkit:http://lrc.tdmu.edu.vn/opac/search/detail.asp?aID=2&ID=17009
Tagit: Lisää tagi
Ei tageja, Lisää ensimmäinen tagi!
Thư viện lưu trữ: Trung tâm Học liệu Trường Đại học Thủ Dầu Một
LEADER 01765nam a2200229Ia 4500
001 TDMU_17009
008 210410s9999 xx 000 0 und d
082 |a 324.2597071 
090 |b Đ106 
100 |a Đảng Cộng sản Việt Nam 
245 0 |a Văn kiện Đảng toàn tập 
245 0 |c Đảng Cộng sản Việt Nam 
245 0 |n T.15 
245 0 |p 1954 
260 |a H. 
260 |b Chính trị Quốc gia 
260 |c 2001 
300 |a 616tr. 
520 |a Gồm các báo cáo, nghị quyết, chỉ thị, điện mật của Ban Chấp hành Trung ương Đảng, Bộ chính trị và Ban Bí thư; báo cáo quan trọng của Chủ tịch Hồ Chí Minh ở Hội nghị Trung ương lần VI mở rộng và nghị quyết của Bộ chính trị về tình hình mới và chính sách mới của Đảng (9/1954); một số báo cáo, nghị quyết, chỉ thị, điện mật, thư của Tổng Quân ủy, Trung ương Cục Miền nam và các Liên khu ủy, góp phần làm sáng tỏ thêm sự lãnh đạo của Đảng trong năm kết thúc thắng lợi cuộc kháng chiến chống thực dân Pháp.; LS098  |d Đảng ra đời, lãnh đạo cách mạng Việt Nam từ 1930 đến 1975 
650 |a Quốc tế cộng sản ; Đảng cộng sản Đông Dương ; Hồ Chí Minh ; Kháng chiến chống Pháp; Đế quốc Mỹ; Đảng Cộng sản Việt Nam  |v Văn kiện  |x Lịch sử  |y 1954 
856 |u http://lrc.tdmu.edu.vn/opac/search/detail.asp?aID=2&ID=17009 
980 |a Trung tâm Học liệu Trường Đại học Thủ Dầu Một